000 00865nam a2200265 4500
003 OSt
005 20260530113847.0
008 260505b1985 mx ||||| |||| 00| 0 spa d
040 _aICI
_bspa
_cICI
041 _aspa
050 _aNK1520
_bS368
100 1 _aGonzález Ochoa, César,
_eautor
_910114
245 1 4 _aLos sentidos del entorno :
_ben entorno al sentido del diseño /
_cCésar González Ochoa
264 1 _aMéxico :
_b[El autor],
_c1985
300 _a192 páginas
336 _atexto
_2rdacontent
337 _asin medio
_2rdamedia
338 _avolumen
_2rdacarrier
500 _aTesis (Maestría en Diseño Industrial). -- UNAM, Facultad de Arquitectura. 1985
650 4 _aDiseño.
_92672
650 4 _aPercepción (Estética).
_930886
650 4 _aEspacio (Arquitectura).
_930887
650 4 _aEntorno (Estética).
_930888
942 _2lcc
_cBK
_n1
999 _c11346
_d11346